000 00345 a2200169 4500
001 68922
020 _a8532220460
040 _cAnchieta - Itaigara
100 _aMachado, Ana Maria
240 1 0 _aJoão Bobo
_lpor
245 1 0 _aJoão Bobo
300 _a23
362 0 _a1998
440 1 _aFTD
650 4 _aLiteratura infantil
942 _cBK
999 _c68922
_d68922